000 00549nam a22001817a 4500
005 20251108170822.0
008 250721s9999 xx 000 0 ara d
082 1 4 _aط/ق/شيب
100 1 _aشيبوب، ادفيك
_eمؤلف
245 1 0 _aالمزارع الصغير /
264 1 _aبيروت :
_bمؤسسة نوفل،
_c[19-].
300 _a24ص.
490 0 _aسلسلة مع الطبيعة
650 1 7 _aالقصص العربية
653 _aاطفال مرحلة متوسطة (6-9) سنوات
942 _2ddc
_cBK
999 _c49758
_d49758